Catálogo
 En Linea

La relatividad como culminación de la filosofía cientifíca. / (Registro nro. 30852)

Detalles MARC
000 -CABECERA
campo de control de longitud fija 00495nam a2200157 a 4500
001 - NÚMERO DE CONTROL
campo de control 000031360
005 - FECHA Y HORA DE LA ÚLTIMA TRANSACCIÓN
campo de control 20240226131943.0
008 - DATOS DE LONGITUD FIJA--INFORMACIÓN GENERAL
campo de control de longitud fija 110620s1937 dr 000 0 spa d
040 ## - FUENTE DE LA CATALOGACIÓN
Centro catalogador/agencia de origen DO-SdBNP
Lengua de catalogación spa
Centro/agencia transcriptor BNPHU
082 ## - NÚMERO DE LA CLASIFICACIÓN DECIMAL DEWEY
Número de clasificación xxxx
Número de documento/Ítem G216r
049 ## - FONDOS LOCALES (OCLC)
Fondos de biblioteca BNPD
100 1# - ENTRADA PRINCIPAL--NOMBRE DE PERSONA
Nombre de persona Avelino, Andrés,
Fechas asociadas al nombre 1900-1974
9 (RLIN) 31875
245 13 - MENCIÓN DE TÍTULO
Título La relatividad como culminación de la filosofía cientifíca. /
Mención de responsabilidad, etc. Andres Avelino García Solano.
260 ## - PUBLICACIÓN, DISTRIBUCIÓN, ETC.
Lugar de publicación, distribución, etc. [Santo Domingo] :
Nombre del editor, distribuidor, etc. [s. n.],
Fecha de publicación, distribución, etc. [1937].
300 ## - DESCRIPCIÓN FÍSICA
Extensión 60 p. :
Otras características físicas 24 cm.
Existencias
Estado de retiro Estado de pérdida No para préstamo Código de colección Localización permanente Ubicación/localización actual Ubicación en estantería Fecha de adquisición Número de inventario Total de préstamos Signatura topográfica completa Código de barras Fecha visto por última vez Precio válido a partir de Tipo de ítem Koha
    Excluido de préstamo Patrimonio Dominicano Patrimonio Dominicano Patrimonio Dominicano En catalogación 20.06.2011 LF1   xxxx G216r 31360-10 25.06.2020 25.06.2020 Libro y Folleto Colección Patrimonio Dominicano

Con tecnología Koha